000 01316cam a22003737a 4500
003 CHAP
005 20220329132925.0
008 971013s1989 r 00010 d
010 _a308
011 _a1280
035 _a456
040 _cCHAP
090 _aTesis
100 0 0 _aPagán Cuenca, Clodowaldo.
_984721
245 0 _aPlaneación de la operación de unidades de riego para el desarrollo rural con presas de almacenamiento
260 _aMontecillo, Méx. :
_bEl autor,
_c1989
300 _a196 h.
_b; gráfs.
502 _aTesis (M.C. Esp. en Hidrociencias) -- CP. Centro de Hidrociencias
590 _aALEPH
_b10
_c20130110
_lUCH01
_h1204
590 _aBATCH-UPD
_b10
_c20130110
_lUCH01
_h0954
590 _aBATCH-UPD
_b10
_c20130410
_lUCH01
_h0607
590 _aBATCH-UPD
_b10
_c20130914
_lUCH01
_h0308
590 _aBATCH-UPD
_b10
_c20130914
_lUCH01
_h1935
590 _aCONVERSION
_b10
_c20130109
_lUCH01
_h1302
650 1 4 _aAgua
_xAlmacenamiento.
_92279
650 1 4 _aDesarrollo rural.
_932067
650 1 4 _aDistritos de riego
_xZacatecas.
_932987
650 1 4 _aPresas.
_991480
710 0 _aColegio de Postgraduados. Chapingo, Méx. Centro de Hidrociencias.
_925085
901 _aBK
942 _cFOLL
949 _bBC
_cTES
_d-73741
_eTS2
_fc.2
_h25536
_i456
_si
949 _bBC
_cTES
_d-9903
_eTS1
_h25535
_i456
_si
999 _c308
_d308